000 00257nam a22001217a 4500
082 _a823
_bVER/F
100 _aTHOMAS, VERNON
245 _aFABLES OF PHAEDSUS
260 _aBOMBAY
_bB-Y-S
_c1995
300 _a52
650 _aENGLISH STORY
_zINDIA
942 _cBK
999 _c7335
_d7335